[Event "Washington Class-ch A"]
[Site "Redmond"]
[Date "2008.11.30"]
[Round "6"]
[White "Desmarais, Niles"]
[Black "Pazderic, Nicola"]
[Result "0-1"]
[WhiteElo "1770"]
[BlackElo "1812"]
[PlyCount "76"]
[EventDate "2008.11.28"]
[EventType "swiss"]
[EventRounds "6"]
[EventCountry "USA"]
[SourceTitle "EXT 2017"]
[Source "ChessBase"]
[SourceDate "2016.10.25"]
[SourceVersion "1"]
[SourceVersionDate "2016.10.25"]
[SourceQuality "1"]

1. e4 c5 2. Nc3 Nc6 3. f4 e6 4. Nf3 Nge7 5. Bb5 a6 6. Bxc6 Nxc6 7. d3 d5 8. 0-0 Be7 9. Qe1 0-0 10. e5 f6 11. Qg3 b5 12. Bd2 Kh8 13. Rae1 b4 14. Nd1 d4 15. Nf2 Qd5 16. Qh3 Rf7 17. Ne4 c4 18. dxc4 Qxc4 19. exf6 gxf6 20. Nh4 Rg7 21. f5 exf5 22. Nxf6 Qf7 23. Bh6 Bxf6 24. Bxg7+ Bxg7 25. Qf3 Bb7 26. Qxf5 Qxa2 27. Qd7 Na5 28. Ra1 Qd5 29. Qxd5 Bxd5 30. Rxa5 Bc4 31. Re1 d3 32. cxd3 Bxd3 33. Rd5 Bc2 34. Re2 b3 35. Nf5 Bxb2 36. Ne3 Rc8 37. Rdd2 Bc1 38. Ng4 Bxd2 0-1

[Event "Washington Class-ch A"]
[Site "Redmond"]
[Date "2008.11.29"]
[Round "4"]
[White "Ho, Alec"]
[Black "Pazderic, Nicola"]
[Result "1/2-1/2"]
[WhiteElo "1851"]
[BlackElo "1812"]
[PlyCount "88"]
[EventDate "2008.11.28"]
[EventType "swiss"]
[EventRounds "6"]
[EventCountry "USA"]
[SourceTitle "EXT 2017"]
[Source "ChessBase"]
[SourceDate "2016.10.25"]
[SourceVersion "1"]
[SourceVersionDate "2016.10.25"]
[SourceQuality "1"]

1. d4 Nf6 2. c4 e6 3. Nc3 d5 4. Nf3 Be7 5. Bg5 h6 6. Bh4 0-0 7. e3 b6 8. Bd3 Bb7 9. 0-0 c5 10. Qe2 Nbd7 11. Rfd1 Ne4 12. Bxe7 Qxe7 13. Nd2 Nxd2 14. Rxd2 cxd4 15. exd4 Nf6 16. Re1 Rfd8 17. h3 dxc4 18. Bxc4 Nd5 19. f3 Rac8 20. Rc1 Qh4 21. Bxd5 Bxd5 22. Rcd1 Rc7 23. Qe5 Rcd7 24. b3 Rc8 25. Rd3 Qd8 26. f4 a6 27. Rg3 f6 28. Qh5 Kh8 29. Rdd3 Qe8 30. Qe2 Qf7 31. Na4 Rc1+ 32. Kh2 Rd6 33. Rde3 a5 34. f5 Rc7 35. Nc3 Rdc6 36. fxe6 Bxe6 37. d5 Bxd5 38. Nxd5 Qxd5 39. Re8+ Kh7 40. Re7 Kh8 41. Rgxg7 Qd6+ 42. g3 Rc2 43. Rh7+ Kg8 44. Rhg7+ Kf8 1/2-1/2